[Event "Gradiste op 1st"]
[Site "Gradiste"]
[Date "2019.06.28"]
[Round "8"]
[White "Pandurevic, Miro"]
[Black "Smuk, Zelimir"]
[Result "1-0"]
[WhiteElo "2221"]
[BlackElo "1983"]
[PlyCount "39"]
[EventDate "2019.06.24"]
[EventType "swiss"]
[EventRounds "9"]
[EventCountry "CRO"]
[SourceTitle "EXT 2020"]
[Source "ChessBase"]
[SourceDate "2019.10.17"]
[SourceVersion "1"]
[SourceVersionDate "2019.10.17"]
[SourceQuality "1"]

1. e4 c5 2. Nc3 a6 3. g3 Nc6 4. Bg2 g6 5. d3 Bg7 6. Be3 d6 7. Qd2 Nf6 8. Bh6 0-0 9. Bxg7 Kxg7 10. Nge2 e5 11. f4 b5 12. 0-0 Qb6 13. fxe5 Ne8 14. exd6 Ne5 15. Nd5 Qxd6 16. b4 Bg4 17. bxc5 Qxc5+ 18. d4 Qc4 19. Nef4 Nd7 20. Ne3 1-0

[Event "Zupanja op"]
[Site "Zupanja"]
[Date "2014.08.24"]
[Round "2"]
[White "Rogic, Davor"]
[Black "Smuk, Zelimir"]
[Result "1-0"]
[WhiteElo "2555"]
[BlackElo "2099"]
[PlyCount "60"]
[EventDate "2014.08.24"]
[EventType "swiss"]
[EventRounds "9"]
[EventCountry "CRO"]
[SourceTitle "EXT 2016"]
[Source "ChessBase"]
[SourceDate "2015.10.08"]
[SourceVersion "1"]
[SourceVersionDate "2015.10.08"]
[SourceQuality "1"]

1. e4 c5 2. Nf3 Nc6 3. d4 cxd4 4. Nxd4 e5 5. Nb5 a6 6. Nd6+ Bxd6 7. Qxd6 Nge7 8. Bc4 0-0 9. 0-0 Kh8 10. Nc3 Na5 11. Bd3 Ng6 12. Nd5 b5 13. Be3 Nb7 14. Qb6 Qxb6 15. Nxb6 Rb8 16. a4 Nd6 17. Bc5 Re8 18. axb5 Nxb5 19. Rfd1 d6 20. Be3 Nd4 21. Nc4 Nb5 22. Bf1 f5 23. f3 fxe4 24. fxe4 Bb7 25. Bd3 Nf4 26. Bxf4 exf4 27. Nd2 Re5 28. Ra4 Rf8 29. Rb4 Bc6 30. Ra1 g5 1-0

[Event "CRO-chT Cup 22nd"]
[Site "Bol"]
[Date "2013.05.24"]
[Round "4.124"]
[White "Music, Tomislav"]
[Black "Smuk, Zelimir"]
[Result "1/2-1/2"]
[WhiteElo "2041"]
[BlackElo "2083"]
[PlyCount "87"]
[EventDate "2013.05.22"]
[EventType "team"]
[EventRounds "6"]
[EventCountry "CRO"]
[SourceTitle "CBM 154 Extra"]
[Source "ChessBase"]
[SourceDate "2013.06.25"]
[SourceVersion "2"]
[SourceVersionDate "2013.06.25"]
[SourceQuality "1"]
[WhiteTeam "Dubrovnik"]
[BlackTeam "Vinkovci"]
[WhiteTeamCountry "CRO"]
[BlackTeamCountry "CRO"]

1. f4 d5 2. Nf3 c5 3. e3 Nc6 4. b3 Nf6 5. Bb2 e6 6. d3 Ng4 7. Qe2 d4 8. e4 Ne3 9. Bc1 Qa5+ 10. Kf2 Ng4+ 11. Kg1 Be7 12. h3 Nf6 13. Kh2 h5 14. g3 Qc7 15. Na3 a6 16. Nc4 b5 17. Nce5 Nxe5 18. fxe5 Nd7 19. Bg2 h4 20. Rf1 hxg3+ 21. Kg1 Nxe5 22. Nxe5 Qxe5 23. Bf4 Qh5 24. Qxh5 Rxh5 25. Bxg3 e5 26. Bf3 Rxh3 27. Bxe5 Be6 28. Kg2 g5 29. Rh1 Rxh1 30. Rxh1 Kd7 31. Rh7 g4 32. Be2 Rg8 33. Rg7 Rxg7 34. Bxg7 f6 35. Bh6 Bd6 36. Bd2 Ke7 37. Be1 Kf7 38. Bg3 Be7 39. Bh4 Bf8 40. Bg3 Ke8 41. Bf4 Bd7 42. Kg3 f5 43. exf5 Bxf5 44. Bxg4 1/2-1/2

[Event "CRO-chT2 East"]
[Site "Osijek"]
[Date "2013.04.20"]
[Round "2.65"]
[White "Smuk, Zelimir"]
[Black "Djuric, Milan"]
[Result "1-0"]
[WhiteElo "2079"]
[BlackElo "2011"]
[PlyCount "107"]
[EventDate "2013.04.20"]
[EventType "team-tourn"]
[EventRounds "11"]
[EventCountry "CRO"]
[SourceTitle "EXT 2023"]
[Source "ChessBase"]
[SourceDate "2022.10.05"]
[SourceVersion "1"]
[SourceVersionDate "2022.10.05"]
[SourceQuality "1"]

1. e4 Nf6 2. Nc3 d6 3. d4 g6 4. Nf3 Bg7 5. h3 0-0 6. Be3 c6 7. Qd2 Re8 8. Bd3 a5 9. 0-0 Na6 10. a3 e5 11. dxe5 dxe5 12. Na4 Nd7 13. Rfd1 b5 14. Nc3 Qe7 15. Ne2 Nac5 16. Ng3 f5 17. Bxc5 Nxc5 18. b4 Nxd3 19. cxd3 axb4 20. axb4 Be6 21. Qc3 fxe4 22. dxe4 Rac8 23. Ra5 Bc4 24. Nd2 Red8 25. Rc1 Rd3 26. Qb2 Rcd8 27. Nxc4 bxc4 28. Rc5 Rb3 29. Qc2 Rxb4 30. Rxc4 Rxc4 31. Qxc4+ Qf7 32. Qxc6 Rf8 33. Qc5 Qf4 34. Rd1 h5 35. Qd5+ Kh7 36. Rf1 Qf6 37. Ne2 Rd8 38. Qb7 Rd2 39. Nc3 Qf8 40. Nd5 Qd6 41. Qf7 Re2 42. Qf3 Ra2 43. Rb1 Qf8 44. Qxf8 Bxf8 45. Rb7+ Kh6 46. Rf7 Bg7 47. h4 Ra6 48. g3 Kh7 49. Kf1 Kg8 50. Rb7 Ra4 51. Rb4 Ra2 52. Ne7+ Kf7 53. Rb7 Bf6 54. Nd5+ 1-0

[Event "Vukovar Srijem CupT 6th"]
[Site "Tompojevci"]
[Date "2013.03.08"]
[Round "1.2"]
[White "Draskic, Skender"]
[Black "Smuk, Zelimir"]
[Result "1/2-1/2"]
[WhiteElo "1827"]
[BlackElo "2079"]
[PlyCount "81"]
[EventDate "2013.03.08"]
[EventType "team-swiss"]
[EventRounds "5"]
[EventCountry "CRO"]
[SourceTitle "EXT 2014"]
[Source "ChessBase"]
[SourceDate "2013.11.20"]
[SourceVersion "1"]
[SourceVersionDate "2013.11.20"]
[SourceQuality "1"]
[WhiteTeam "Ivankovo"]
[BlackTeam "Vinkovci"]
[WhiteTeamCountry "CRO"]
[BlackTeamCountry "CRO"]

1. e4 c5 2. c4 d6 3. Nc3 Nf6 4. Nf3 Nc6 5. Be2 g6 6. d3 Bg7 7. Be3 0-0 8. h3 Nd7 9. g4 Nde5 10. Nxe5 Nxe5 11. f4 Nc6 12. Qd2 Nd4 13. 0-0 e5 14. Bxd4 cxd4 15. Nd5 Qh4 16. Rf3 exf4 17. Nxf4 Qg5 18. Rf2 h5 19. Rg2 h4 20. Rf1 Bh6 21. Qe1 Qe5 22. Qf2 Be6 23. b3 a6 24. Kh1 Bg5 25. Bd1 Bxf4 26. Qxf4 Qxf4 27. Rxf4 g5 28. Rf6 Kg7 29. Rff2 Rfc8 30. Rc2 Rab8 31. b4 Rc7 32. Rg1 Rbc8 33. Be2 d5 34. Rgc1 dxe4 35. dxe4 Kf6 36. Kg2 Ke5 37. Kf3 b5 38. c5 Rc6 39. Bd3 Bd7 40. Re1 Rf8 41. Kg2 1/2-1/2

[Event "Bosnjaci op 18th"]
[Site "Bosnjaci"]
[Date "2013.01.06"]
[Round "6"]
[White "Plenkovic, Zdenko"]
[Black "Smuk, Zelimir"]
[Result "1-0"]
[WhiteElo "2380"]
[BlackElo "2086"]
[PlyCount "120"]
[EventDate "2013.01.03"]
[EventType "swiss"]
[EventRounds "9"]
[EventCountry "CRO"]
[SourceTitle "CBM 152 Extra"]
[Source "ChessBase"]
[SourceDate "2013.02.25"]
[SourceVersion "1"]
[SourceVersionDate "2013.02.25"]
[SourceQuality "1"]

1. g3 e6 2. Bg2 d5 3. Nf3 Nf6 4. 0-0 Be7 5. c4 0-0 6. b3 c5 7. Bb2 Nc6 8. d3 Rb8 9. Nbd2 a6 10. cxd5 exd5 11. Ne5 Be6 12. Nxc6 bxc6 13. Rc1 Qa5 14. Qc2 Nd7 15. Rfd1 Rfc8 16. Qc3 Qxc3 17. Bxc3 f6 18. Rc2 Ne5 19. Bb2 Bg4 20. f3 Bh5 21. Ba3 Rb5 22. Rdc1 Ra5 23. Nb1 Bg6 24. Bxc5 Bxc5+ 25. Rxc5 Rxa2 26. Nc3 Rb2 27. Nxd5 Re8 28. Nf4 Rxb3 29. d4 Nd7 30. Rxc6 Bf7 31. Bh3 Nb6 32. Kf2 a5 33. e4 a4 34. d5 a3 35. Ra1 Ra8 36. Rc2 Rb2 37. Rxb2 axb2 38. Rb1 Nc4 39. Ne2 Rb8 40. Nc3 Na3 41. Rd1 b1Q 42. Nxb1 Nxb1 43. d6 Nc3 44. Rc1 Nb5 45. d7 Nd6 46. Rc6 Kf8 47. Rxd6 Ke7 48. Rc6 Rd8 49. Ke3 Bb3 50. Kd4 Ba4 51. Rc8 Bxd7 52. Rxd8 Kxd8 53. Bxd7 Kxd7 54. Kd5 Ke7 55. f4 h5 56. e5 fxe5 57. fxe5 Kd7 58. e6+ Ke7 59. Ke5 Ke8 60. Kf5 Ke7 1-0

[Event "Bosnjaci op 18th"]
[Site "Bosnjaci"]
[Date "2013.01.04"]
[Round "3"]
[White "Zivkovic, Nikola"]
[Black "Smuk, Zelimir"]
[Result "1/2-1/2"]
[WhiteElo "2249"]
[BlackElo "2086"]
[PlyCount "59"]
[EventDate "2013.01.03"]
[EventType "swiss"]
[EventRounds "9"]
[EventCountry "CRO"]
[SourceTitle "CBM 152 Extra"]
[Source "ChessBase"]
[SourceDate "2013.02.25"]
[SourceVersion "1"]
[SourceVersionDate "2013.02.25"]
[SourceQuality "1"]

1. e4 c5 2. Nf3 Nc6 3. d4 cxd4 4. Nxd4 e5 5. Nb5 d6 6. N1c3 a6 7. Na3 Be6 8. Nd5 Bxd5 9. exd5 Nce7 10. c4 g6 11. Qb3 Qc7 12. Be3 Bh6 13. Bb6 Qd7 14. Bd3 f5 15. 0-0 Nf6 16. f3 Rc8 17. Qd1 0-0 18. Bc2 Qe8 19. Ba4 Nd7 20. b4 f4 21. Qd3 Nf5 22. Nc2 Qe7 23. Bf2 Bg7 24. Rac1 Nf6 25. Rfe1 Kh8 26. Nd4 Nxd4 27. Bxd4 Nxd5 28. Bxe5 dxe5 29. cxd5 Qxb4 30. Qe4 1/2-1/2

[Event "CRO-chT2 East"]
[Site "Croatia"]
[Date "2011.04.02"]
[Round "1"]
[White "Vihovanec, Tomislav"]
[Black "Smuk, Zelimir"]
[Result "1-0"]
[WhiteElo "1965"]
[BlackElo "2143"]
[PlyCount "117"]
[EventDate "2011.04.02"]
[EventType "tourn"]
[EventRounds "11"]
[EventCountry "CRO"]
[SourceTitle "EXT 2014"]
[Source "ChessBase"]
[SourceDate "2013.11.20"]
[SourceVersion "1"]
[SourceVersionDate "2013.11.20"]
[SourceQuality "1"]

1. e4 Nf6 2. Nc3 d5 3. e5 d4 4. exf6 dxc3 5. bxc3 exf6 6. Nf3 Bd6 7. d4 0-0 8. Be2 b6 9. 0-0 Bb7 10. a4 Re8 11. a5 bxa5 12. Rxa5 Nc6 13. Ra4 Qd7 14. Ba6 Nd8 15. Bxb7 Nxb7 16. Ra6 Qf5 17. Qd3 Qh5 18. c4 Qg4 19. Be3 Bf8 20. h3 Qc8 21. Rfa1 Nd6 22. c5 Ne4 23. Rxa7 Rxa7 24. Rxa7 Qb8 25. Qa6 Qb1+ 26. Kh2 Rb8 27. Qc4 Rc8 28. d5 f5 29. Ne5 Qb2 30. Bd4 Qc1 31. d6 Nd2 32. Qxf7+ Kh8 33. h4 Nf1+ 34. Kh3 Qf4 35. g3 Qxd4 36. Qe6 g5 37. hxg5 Qxf2 38. Nf7+ Kg7 39. Qf6+ Kg8 40. Nh6+ Bxh6 41. Qe6+ Kf8 42. Qxc8+ Kf7 43. Rxc7+ Kg6 44. Qe8+ Kxg5 45. Qe7+ Kh5 46. Qf7+ Kg5 47. Qe7+ Kh5 48. Qf7+ Kg5 49. Qg8+ Kf6 50. Qf7+ Ke5 51. Re7+ Kd4 52. Qf6+ Kc4 53. Qe6+ Kd4 54. c3+ Kd3 55. Qd5+ Kxc3 56. Qe5+ Kd3 57. Qd5+ Kc3 58. Qg2 Qxc5 59. Rc7 1-0

[Event "Bosnjaci op 16th"]
[Site "Bosnjaci"]
[Date "2011.01.09"]
[Round "9"]
[White "Zovko, Mario"]
[Black "Smuk, Zelimir"]
[Result "1/2-1/2"]
[WhiteElo "2219"]
[BlackElo "2168"]
[PlyCount "27"]
[EventDate "2011.01.03"]
[EventType "swiss"]
[EventRounds "9"]
[EventCountry "CRO"]
[SourceTitle "CBM 140 Extra"]
[Source "ChessBase"]
[SourceDate "2011.03.01"]
[SourceVersion "1"]
[SourceVersionDate "2011.03.01"]
[SourceQuality "1"]

1. e4 c5 2. Nf3 Nc6 3. Bb5 a6 4. Bxc6 bxc6 5. 0-0 g6 6. c3 Bg7 7. d3 e6 8. Be3 d6 9. Re1 Ne7 10. Nbd2 0-0 11. Nf1 Rb8 12. Qd2 Qc7 13. Ng3 Bb7 14. Rad1 1/2-1/2

[Event "Bosnjaci op 16th"]
[Site "Bosnjaci"]
[Date "2011.01.04"]
[Round "2"]
[White "Smuk, Zelimir"]
[Black "Brkic, Ante"]
[Result "0-1"]
[WhiteElo "2168"]
[BlackElo "2564"]
[PlyCount "60"]
[EventDate "2011.01.03"]
[EventType "swiss"]
[EventRounds "9"]
[EventCountry "CRO"]
[SourceTitle "CBM 140 Extra"]
[Source "ChessBase"]
[SourceDate "2011.03.01"]
[SourceVersion "1"]
[SourceVersionDate "2011.03.01"]
[SourceQuality "1"]

1. e4 c5 2. Nf3 d6 3. d4 cxd4 4. Nxd4 Nf6 5. Bb5+ Nbd7 6. Nc3 a6 7. Ba4 e6 8. f3 b5 9. Bb3 Nc5 10. Bg5 Bd7 11. Qd2 Be7 12. 0-0 Nfxe4 13. Nxe4 Nxe4 14. Bxe7 Nxd2 15. Bxd8 Rxd8 16. Rfe1 g6 17. Bd5 Nc4 18. Bb7 Rb8 19. Bc6 Bxc6 20. Nxc6 Rb6 21. Nb4 Nxb2 22. Rab1 Nc4 23. a4 bxa4 24. Nxa6 Kd7 25. Rxb6 Nxb6 26. Rb1 Kc6 27. Kf2 Ra8 28. Nb4+ Kb7 29. Ke2 Ra5 30. Kd3 Rb5 0-1

[Event "Bol op"]
[Site "Bol"]
[Date "2010.09.17"]
[Round "5"]
[White "Smuk, Zelimir"]
[Black "Jakovljevic, Vlado"]
[Result "0-1"]
[WhiteElo "2154"]
[BlackElo "2383"]
[PlyCount "72"]
[EventDate "2010.09.14"]
[EventType "swiss"]
[EventRounds "9"]
[EventCountry "CRO"]
[SourceTitle "CBM 138 Extra"]
[Source "ChessBase"]
[SourceDate "2010.10.29"]
[SourceVersion "1"]
[SourceVersionDate "2010.10.29"]
[SourceQuality "1"]

1. e4 c5 2. Nf3 d6 3. d4 cxd4 4. Nxd4 Nf6 5. Nc3 a6 6. Be2 e6 7. Bg5 Be7 8. Qd2 0-0 9. 0-0-0 b5 10. Bf3 Ra7 11. Qe3 Nd5 12. Bxe7 Nxe3 13. Bxd8 Nxd1 14. Ba5 Nxc3 15. Bxc3 Rd7 16. h4 Bb7 17. h5 Nc6 18. Nxc6 Bxc6 19. h6 g6 20. Bf6 Rc8 21. Re1 d5 22. exd5 Bxd5 23. Bxd5 Rxd5 24. g4 Rc4 25. g5 Kf8 26. Be5 Rg4 27. f4 Rg2 28. c4 bxc4 29. a3 Ke8 30. Re4 Rc5 31. Rd4 c3 32. bxc3 Rxc3+ 33. Kb1 Rb3+ 34. Kc1 Rxa3 35. Rd1 Ra5 36. Bf6 Rd5 0-1

[Event "CRO-chT2c"]
[Site "Croatia"]
[Date "2009.05.02"]
[Round "5"]
[White "Smuk, Zelimir"]
[Black "Nol, Andrija"]
[Result "1/2-1/2"]
[WhiteElo "2154"]
[BlackElo "2201"]
[PlyCount "55"]
[EventDate "2009.04.04"]
[EventType "team-tourn"]
[EventRounds "11"]
[EventCountry "CRO"]
[SourceTitle "EXT 2010"]
[Source "ChessBase"]
[SourceDate "2010.11.25"]
[SourceVersion "1"]
[SourceVersionDate "2010.11.25"]
[SourceQuality "1"]

1. e4 c5 2. Nf3 Nc6 3. d4 cxd4 4. Nxd4 d6 5. Nc3 a6 6. Be2 e6 7. Be3 Qc7 8. Qd2 Bd7 9. f4 Nf6 10. Bf3 Rc8 11. 0-0 Na5 12. Qc1 Nc4 13. Bf2 b5 14. Nce2 e5 15. fxe5 dxe5 16. Nb3 h6 17. c3 a5 18. h3 a4 19. Nd2 a3 20. Nxc4 Qxc4 21. b3 Qe6 22. Qd2 Be7 23. Ng3 Qc6 24. Rac1 g6 25. c4 b4 26. Rfd1 Be6 27. Qe3 Nd7 28. Qe2 1/2-1/2

[Event "Bjelovar op 4th"]
[Site "Bjelovar"]
[Date "2008.09.18"]
[Round "2"]
[White "Smuk, Zelimir"]
[Black "Golubic, Miroslav"]
[Result "1-0"]
[WhiteElo "2156"]
[BlackElo "2029"]
[PlyCount "43"]
[EventDate "2008.09.18"]
[EventType "swiss"]
[EventRounds "7"]
[EventCountry "CRO"]
[SourceTitle "CBM 126 Extra"]
[Source "ChessBase"]
[SourceDate "2008.11.05"]
[SourceVersion "1"]
[SourceVersionDate "2008.11.05"]
[SourceQuality "1"]

1. e4 d5 2. exd5 Qxd5 3. d4 Nf6 4. Nc3 Qa5 5. Bd2 Bf5 6. Qf3 c6 7. b4 Qxb4 8. Qxf5 e6 9. Qd3 Qd6 10. Rb1 Qc7 11. g3 Nbd7 12. Bg2 Bd6 13. Nge2 0-0 14. 0-0 Rad8 15. Ne4 Nxe4 16. Bxe4 Nf6 17. Bg5 Be7 18. Bxf6 Bxf6 19. Bxh7+ Kh8 20. Be4 e5 21. Qf3 Kg8 22. Qf5 1-0